| 000 | 01222cam a22003011 4500 | ||
|---|---|---|---|
| 001 | 6858 | ||
| 003 | BD-RjUL | ||
| 005 | 20211208234327.0 | ||
| 008 | 140112s1967 nyu 001 0 eng d | ||
| 035 | _a(BD-RjUL)6900 | ||
| 040 |
_aDLC _cDLC _dDLC _dBD-RjUL _beng |
||
| 041 | _aeng | ||
| 082 | 0 | 0 |
_a519.1 _bMAR 1967 |
| 245 | 0 | 0 |
_aMarkov processes and potential theory ; _bproceedings of a symposium conducted by the Mathematics Research Center ... the United States Army, at the University of Wisconsin, Madison, May 1-3, 1967. _cEdited by Joshua Chover. |
| 260 |
_aNew York : _bWiley, _c1967. |
||
| 300 |
_ax, 235 p. ; _c24 cm. |
||
| 490 | 1 |
_aPublication of the Mathematics Research Center, United States Army, University of Wisconsin, _vno. 19 |
|
| 504 | _aIncludes index. | ||
| 650 | 0 |
_aMarkov processes. _920601 |
|
| 650 | 0 |
_aPotential theory (Mathematics) _919822 |
|
| 830 | 0 |
_vno. 19. _921542 |
|
| 700 | 1 |
_aChover, Joshua, _d1928- _eed. _921536 |
|
| 710 | 2 |
_aMathematics Research Center (United States. Army) _920951 |
|
| 830 | 0 |
_aPublication ... of the Mathematics Research Center, United States Army, the University of Wisconsin ; _921543 |
|
| 942 |
_2ddc _cBK |
||
| 999 |
_c6858 _d6858 |
||